000 00804nam a2200205Ia 4500
003 GCL
008 140319s9999 xx 000 0 ara d
020 _a308227977
040 _aGCL /
_cGCL
082 0 4 _aق
_b351
_bهـ و
100 1 _aهانئ رسلان
245 1 0 _aوزارة الموارد المائية والرى /
_cهانئ رسلان
260 _aالقاهرة :
_bمركز الدراسات السياسية والاستراتيجية - الأهرام ،
_c2005
300 _a172 ص ؛
_c22 سم
490 _aسلسلة الوزارات المصرية
_v0
650 0 4 _aالوزارات - مصر
650 0 4 _aوزارة الموارد المائية والرى - مصر
650 0 4 _aوزارة الموارد المائية والرى - تنظيم وإدارة
942 _2ddc
_cBK
999 _c9283
_d9283